| 000 | 01202nam a2200289 4500 | ||
|---|---|---|---|
| 003 | EC-UNACH | ||
| 005 | 20241015110333.0 | ||
| 006 | s||||gr|||| 00| 00 | ||
| 008 | 150116t9999 mx r gr 000 0 spa d | ||
| 020 | _a978-9942-34-090-0 | ||
| 040 |
_aEC-UNACH _cEC-UNACH |
||
| 041 | _aspa | ||
| 082 | 0 | 4 |
_223 _a808.802.3 _bL017676 |
| 100 | _aCuzme, Alexis | ||
| 245 | _aDemonios quisquillosos | ||
| 250 | _aPrimera Edición | ||
| 264 |
_aQuito - Ecuador _bEditorial Casa de la Cultura Ecuatoriana _c2022 |
||
| 300 |
_a103 páginas _c19 x 12 centímetros |
||
| 501 | _aIncluye índice | ||
| 505 | _aOlor a muerte -- Territorio prohibido -- El coleccionista -- Herir a la manada -- Secreto -- Balada heavy para una historia gore -- Una cabeza que gira para mí -- Sonrisas -- Instrucciones para un ritual -- Historia del cuerpo y su dolor -- Regreso al río -- Camino -- Un sueño para sonreír -- Algo vil y dañino -- El territorio menos privilegiado -- Escenas de una ciudad que ignora a sus metaleros. | ||
| 650 | _aNarrativa | ||
| 942 |
_2ddc _c1 |
||
| 999 | _c13465 | ||